Planning and profits in socialist economies
Αποθηκεύτηκε σε:
| Κύριος συγγραφέας: | |
|---|---|
| Μορφή: | Βιβλίο |
| Γλώσσα: | English |
| Δημοσίευση: |
London : Boston :
Routledge & Kegan Paul,
1984
|
| Σειρά: | ILE (Series)
|
| Θέματα: | |
| Ετικέτες: |
Προσθήκη ετικέτας
Δεν υπάρχουν, Καταχωρήστε ετικέτα πρώτοι!
|
MARC
| LEADER | 00000cam a2200000 i 4500 | ||
|---|---|---|---|
| 001 | 1/30171 | ||
| 008 | 960429s1984 eng d | ||
| 020 | |a 0710202571 ((U.S.)) |c $40.00 | ||
| 035 | |l 10023354 | ||
| 040 | |a GR-MY-UA |b gre |e aacr | ||
| 041 | 0 | |a eng | |
| 082 | 0 | |a 338.947 |2 (19) | |
| 100 | 1 | |a Asselain, Jean Charles. | |
| 245 | 1 | 0 | |a Planning and profits in socialist economies / |c Jean-Charles Asselain ; translated by Jill Rubery and Andrew Wilson |
| 260 | |a London : |a Boston : |b Routledge & Kegan Paul, |c 1984 | ||
| 300 | |a xii, 269 p.; |b ill.; |c 23 cm. | ||
| 490 | 1 | |a International library of economics | |
| 500 | |a Translation of updated text of: Plan et profit en economie socialiste | ||
| 504 | |a Includes bibliography and index | ||
| 650 | 0 | 0 | |a Central planning |z Soviet Union. |
| 650 | 0 | 0 | |a Profit |z Soviet Union. |
| 650 | 0 | 0 | |a Central planning |z Europe, Eastern. |
| 650 | 0 | 0 | |a Profit |z Europe, Eastern. |
| 651 | 0 | |a Soviet Union |x Economic policy. | |
| 651 | 0 | |a Europe, Eastern |x Economic policy. | |
| 830 | 0 | |a ILE (Series) | |
| 852 | |a INST |b CHIOS |e 19960429 |h 338.947 ASS |p 005200005540 |q 005200005540 |t BK |y 0 | ||
| 909 | |a Χ |b 009051 | ||